000 01111nam a22002537a 4500
001 9029
003 FISKH
005 20251114160952.0
008 251114b cb ||||| |||| 00| 0 eng d
020 _a9781841351957
040 _aFISKH
_beng
_cFISKH
_dFISKH
082 _a428.6
100 _aAndrews, Jackie
245 _aOld Macdonald on his farm /
_cRewritten by Jackie Andrews ; Illustrated by John Benett
260 _aNottinghamshire :
_bAward Publication,
_c2003.
300 _a26 unnumbered pages :
_bcolor illustrations ;
_c26 cm
505 _aaa
520 _aGenerations of children have delighted at joining in with this classic nursery rhyme. With simple text in large type, to encourage the reading confidence of young readers, each story is packed with bright, colourful illustrations to bring the story to life. Perfect for sharing together at story time, or for youngsters to embark on their own, independent, reading adventures.
521 8 _a10
_bLexile estimate
521 8 _aaa
_bRaz-Plus
700 _aBenett, John
_eillustrator
942 _2ddc
_cBK
_n0
999 _c9029
_d9029